[Event "EU-ch Amateur Online 1400/1700"]
[Site "Tornelo INT"]
[Date "2021.04.17"]
[Round "5"]
[White "Angjelkoska, Jana"]
[Black "Margaritis, Ioannis M"]
[Result "1-0"]
[WhiteElo "1569"]
[BlackElo "1149"]
[PlyCount "43"]
[EventDate "2021.04.17"]
[EventType "swiss (rapid)"]
[EventRounds "8"]
[EventCountry "NET"]
[SourceTitle "EXT 2023"]
[Source "ChessBase"]
[SourceDate "2022.10.05"]
[SourceVersion "1"]
[SourceVersionDate "2022.10.05"]
[SourceQuality "1"]

1. e4 c5 2. Nf3 d6 3. d4 cxd4 4. Nxd4 Nf6 5. Nc3 a6 6. Be3 e5 7. Nb3 Be6 8. Be2 Be7 9. 0-0 0-0 10. a4 d5 11. exd5 Nxd5 12. Nxd5 Bxd5 13. a5 Bc6 14. Bd3 Nd7 15. Qh5 g6 16. Qh3 Re8 17. Rfd1 Bf8 18. Nd2 f5 19. Bc4+ Kh8 20. Nf3 Qe7 21. Ng5 e4 22. Bd4+ 1-0

[Event "Wch FIDE Online U18 Girls Europe qual"]
[Site "Tornelo INT"]
[Date "2020.12.09"]
[Round "6"]
[White "Angjelkoska, Jana"]
[Black "Bitkova, Jelizaveta"]
[Result "1-0"]
[WhiteElo "1517"]
[BlackElo "1415"]
[PlyCount "69"]
[EventDate "2020.12.07"]
[EventType "swiss (rapid)"]
[EventRounds "7"]
[EventCountry "ISS"]
[SourceTitle "EXT 2022"]
[Source "ChessBase"]
[SourceDate "2021.10.06"]
[SourceVersion "1"]
[SourceVersionDate "2021.10.06"]
[SourceQuality "1"]

1. e4 c5 2. Nf3 Nc6 3. d4 cxd4 4. Nxd4 d6 5. Nc3 Nf6 6. Be2 g6 7. Be3 Bg7 8. Qd2 0-0 9. 0-0-0 a6 10. h4 Bd7 11. h5 Ng4 12. Bxg4 Bxg4 13. f3 Bd7 14. Nxc6 bxc6 15. Bh6 f5 16. Bxg7 Kxg7 17. hxg6 hxg6 18. Qh6+ Kf6 19. f4 Rh8 20. Qg5+ Kf7 21. e5 Be6 22. Rhe1 Rh5 23. Qg3 Qc7 24. exd6 exd6 25. Qe3 Re8 26. Qd4 d5 27. Re5 Rhh8 28. Rde1 c5 29. Qa4 Qb7 30. Nxd5 Bxd5 31. Rxe8 Rxe8 32. Qxe8+ Kg7 33. Re7+ Qxe7 34. Qxe7+ Bf7 35. c3 1-0

[Event "Wch FIDE Online U18 Girls Europe qual"]
[Site "Tornelo INT"]
[Date "2020.12.09"]
[Round "7"]
[White "Grimaldi, Angela Flavia"]
[Black "Angjelkoska, Jana"]
[Result "1-0"]
[WhiteElo "1864"]
[BlackElo "1517"]
[PlyCount "105"]
[EventDate "2020.12.07"]
[EventType "swiss (rapid)"]
[EventRounds "7"]
[EventCountry "ISS"]
[SourceTitle "EXT 2022"]
[Source "ChessBase"]
[SourceDate "2021.10.06"]
[SourceVersion "1"]
[SourceVersionDate "2021.10.06"]
[SourceQuality "1"]

1. e4 c5 2. Nf3 Nc6 3. Bb5 g6 4. Bxc6 bxc6 5. 0-0 Bg7 6. Re1 e6 7. c3 d5 8. e5 Ne7 9. d4 cxd4 10. cxd4 0-0 11. Nc3 Rb8 12. b3 Bd7 13. Na4 Qc7 14. Ba3 Rfe8 15. Bd6 Qc8 16. Bxb8 Qxb8 17. Nc5 Qc7 18. Qd3 h5 19. Rac1 Bh6 20. Rc2 Kh8 21. h4 Nf5 22. g3 Rg8 23. Ng5 Be8 24. f4 Qa5 25. Qc3 Qxc3 26. Rxc3 Nxd4 27. Nb7 Bf8 28. Nc5 Kg7 29. Kf2 Nb5 30. Rcc1 Be7 31. Ke3 d4+ 32. Kd3 Nc7 33. Kxd4 Nd5 34. Nge4 Bd8 35. a3 Bb6 36. Nd6 Bd7 37. Kd3 Bc8 38. Nxc8 Rxc8 39. Re4 Rd8 40. Ke2 Kf8 41. Nd3 Ke7 42. Rxc6 Kd7 43. Rec4 Ne7 44. Rd6+ Ke8 45. Rxd8+ Kxd8 46. Nb4 Nf5 47. Kf3 Nd4+ 48. Kg2 Nxb3 49. Kf3 Nd4+ 50. Rxd4+ Bxd4 51. Nc6+ Kd7 52. Nxd4 Kc7 53. Nb5+ 1-0

[Event "EU-ch Online U18 Girls"]
[Site "Tornelo INT"]
[Date "2020.09.20"]
[Round "9"]
[White "Chatzipanagiotou, Asimenia"]
[Black "Angjelkoska, Jana"]
[Result "1-0"]
[WhiteElo "1591"]
[BlackElo "1569"]
[PlyCount "111"]
[EventDate "2020.09.18"]
[EventType "swiss (rapid)"]
[EventRounds "9"]
[EventCountry "ENG"]
[SourceTitle "CBM 198 Extra"]
[Source "ChessBase"]
[SourceDate "2020.11.30"]
[SourceVersion "1"]
[SourceVersionDate "2020.11.30"]
[SourceQuality "1"]

1. e4 c5 2. Nf3 Nc6 3. d4 cxd4 4. Nxd4 Nf6 5. Nc3 e5 6. Ndb5 d6 7. Bg5 a6 8. Bxf6 gxf6 9. Na3 b5 10. Nd5 Bg7 11. c3 f5 12. f3 fxe4 13. Be2 0-0 14. 0-0 exf3 15. Bxf3 Rb8 16. Nc2 Ne7 17. Ncb4 Nxd5 18. Nxd5 Bb7 19. Kh1 Qd7 20. Bg4 f5 21. Bxf5 Rxf5 22. Rxf5 Qe6 23. Ne3 Bh6 24. Qg4+ Qg6 25. Rf3 Bxf3 26. Qxf3 Rf8 27. Qe2 Qe4 28. Qg4+ Qxg4 29. Nxg4 Bg7 30. Kg1 Rf4 31. Ne3 b4 32. Nd5 Re4 33. Nxb4 a5 34. Nc6 a4 35. Kf2 Rc4 36. Ne7+ Kf7 37. Nd5 Ke6 38. Rd1 e4 39. Nb6 Rc6 40. Nxa4 Ra6 41. b3 Be5 42. g3 Rc6 43. c4 Kf5 44. Ke3 Kg4 45. Kxe4 Kh3 46. Rd2 Ra6 47. c5 h5 48. Nb6 dxc5 49. Kxe5 Rxb6 50. Kd5 Rb8 51. Kxc5 Rc8+ 52. Kb4 Rb8+ 53. Kc3 Rc8+ 54. Kb2 Ra8 55. a4 Ra5 56. Ka3 1-0

[Event "EU-ch Online U18 Girls"]
[Site "Tornelo INT"]
[Date "2020.09.20"]
[Round "7"]
[White "Rubsamen, Anais"]
[Black "Angjelkoska, Jana"]
[Result "0-1"]
[WhiteElo "1692"]
[BlackElo "1569"]
[PlyCount "152"]
[EventDate "2020.09.18"]
[EventType "swiss (rapid)"]
[EventRounds "9"]
[EventCountry "ENG"]
[SourceTitle "CBM 198 Extra"]
[Source "ChessBase"]
[SourceDate "2020.11.30"]
[SourceVersion "1"]
[SourceVersionDate "2020.11.30"]
[SourceQuality "1"]

1. Nf3 Nf6 2. g3 g6 3. Bg2 Bg7 4. 0-0 d5 5. c4 0-0 6. cxd5 Nxd5 7. d4 Nc6 8. e4 Nb6 9. Be3 Bg4 10. e5 Qd7 11. Nc3 Rad8 12. Ne2 Qf5 13. Nh4 Bxe2 14. Qxe2 Qe6 15. Rfd1 f6 16. d5 Nxd5 17. Qc4 Nf4 18. Qxf4 g5 19. Qf5 Qc4 20. Bd5+ Rxd5 21. Qe6+ Kh8 22. Qxd5 Qxd5 23. Rxd5 gxh4 24. e6 hxg3 25. hxg3 f5 26. Rb1 Be5 27. f4 Bd6 28. Kg2 Kg7 29. Bd4+ Kg6 30. Bc3 h5 31. Rh1 Nd8 32. Re1 Rg8 33. Kh3 b6 34. Be5 Nb7 35. Rc1 Nc5 36. Bxd6 cxd6 37. Re1 Kf6 38. Rd2 Ne4 39. Rg2 Kxe6 40. Rc1 Kd7 41. Kh4 e5 42. fxe5 dxe5 43. Kxh5 Nxg3+ 44. Kh4 f4 45. Rd2+ Ke6 46. Rc6+ Kf5 47. Kh3 Rh8+ 48. Kg2 Rg8 49. Rd5 Ke4 50. Rd7 f3+ 51. Kf2 Nh1+ 52. Kf1 f2 53. Rf7 Rg1+ 54. Ke2 Re1+ 55. Kd2 f1Q 56. Rxf1 Rxf1 57. Rc7 Kd4 58. Rxa7 Rf2+ 59. Kc1 Ng3 60. Ra4+ Kd5 61. Rg4 Ne2+ 62. Kb1 Nd4 63. Rg1 e4 64. Rd1 e3 65. Re1 Ke4 66. a3 Kd3 67. Ka2 e2 68. a4 Rf1 69. Rxe2 Kxe2 70. Ka3 Rf5 71. Kb4 Nc2+ 72. Kc4 Kd2 73. Kb3 Ra5 74. Kc4 Rxa4+ 75. Kb5 Rb4+ 76. Kc6 Rxb2 0-1

[Event "FRM-ch U18 Girls"]
[Site "Ohrid"]
[Date "2020.08.27"]
[Round "3"]
[White "Angjelkoska, Jana"]
[Black "Eftovska, Lea"]
[Result "1-0"]
[WhiteElo "1506"]
[BlackElo "1650"]
[PlyCount "77"]
[EventDate "2020.08.25"]
[EventType "match"]
[EventRounds "4"]
[EventCountry "MKD"]
[SourceTitle "CBM 198 Extra"]
[Source "ChessBase"]
[SourceDate "2020.11.30"]
[SourceVersion "1"]
[SourceVersionDate "2020.11.30"]
[SourceQuality "1"]

1. e4 d6 2. d4 Nf6 3. Nc3 g6 4. Nf3 Bg7 5. Bd3 c6 6. h3 b5 7. Be3 Qc7 8. 0-0 0-0 9. Qd2 Rd8 10. Rac1 Nbd7 11. Ne2 Ba6 12. a4 e5 13. axb5 Bxb5 14. Ra1 a5 15. c4 Ba6 16. Nc3 Rdb8 17. dxe5 dxe5 18. Na4 Rb4 19. Qc2 Bc8 20. c5 Ba6 21. Bxa6 Rxa6 22. Nd2 Bf8 23. f3 Rb5 24. Rfc1 Qb8 25. Nb1 Be7 26. Qf2 Qf8 27. Na3 Rb7 28. Nc4 Ne8 29. Ncb6 Nef6 30. g4 Bd8 31. Qd2 Nxb6 32. Nxb6 Bxb6 33. cxb6 Rd7 34. Qc3 Qd8 35. Qxc6 Kg7 36. Qb5 Ra8 37. Qxe5 Re7 38. Qc3 h6 39. Rxa5 1-0

[Event "FRM-ch U18 Girls"]
[Site "Ohrid"]
[Date "2020.08.25"]
[Round "1"]
[White "Angjelkoska, Jana"]
[Black "Eftovska, Lea"]
[Result "1-0"]
[WhiteElo "1506"]
[BlackElo "1650"]
[PlyCount "57"]
[EventDate "2020.08.25"]
[EventType "match"]
[EventRounds "4"]
[EventCountry "MKD"]
[SourceTitle "CBM 198 Extra"]
[Source "ChessBase"]
[SourceDate "2020.11.30"]
[SourceVersion "1"]
[SourceVersionDate "2020.11.30"]
[SourceQuality "1"]

1. e4 e5 2. Nf3 Nc6 3. d4 exd4 4. Nxd4 Bc5 5. Nb3 Bb6 6. Nc3 Nf6 7. Bd3 d6 8. 0-0 0-0 9. Bg5 h6 10. Bh4 g5 11. Bg3 Be6 12. Kh1 a5 13. Bb5 Bxb3 14. axb3 Qe7 15. Nd5 Nxd5 16. exd5 Nd4 17. Bd3 Rae8 18. Qh5 Qf6 19. f4 Kg7 20. Ra4 Kh8 21. Be1 gxf4 22. Bh4 Qg7 23. Rxf4 Re5 24. Qd1 f5 25. Raxd4 Bxd4 26. Rxd4 Rfe8 27. Rf4 Qf7 28. Qf1 Qxd5 29. Bf6+ 1-0

[Event "Ohrid Lasker U20 op"]
[Site "Ohrid"]
[Date "2019.10.10"]
[Round "1"]
[White "Spasov, Igor Aleksandar"]
[Black "Angjelkoska, Jana"]
[Result "0-1"]
[WhiteElo "1091"]
[BlackElo "1441"]
[PlyCount "116"]
[EventDate "2019.10.10"]
[EventType "swiss"]
[EventRounds "7"]
[EventCountry "MKD"]
[SourceTitle "CBM 192 Extra"]
[Source "Chessbase"]
[SourceDate "2019.11.06"]
[SourceVersion "1"]
[SourceVersionDate "2019.11.06"]
[SourceQuality "1"]

1. e4 e6 2. d4 d5 3. e5 c5 4. c3 Nc6 5. Nf3 Qb6 6. a3 cxd4 7. cxd4 Nge7 8. Nc3 a6 9. Qd3 Nf5 10. Ne2 h5 11. g3 Bd7 12. Bh3 Nce7 13. 0-0 Bb5 14. Qd2 Bxe2 15. Qxe2 Nxd4 16. Nxd4 Qxd4 17. Rd1 Qa4 18. Bg5 Nc6 19. Rac1 Be7 20. Bxe7 Kxe7 21. Qe3 Rag8 22. Qc5+ Ke8 23. f4 Qb3 24. Qc3 Qxc3 25. Rxc3 g5 26. Kf2 h4 27. Bg2 gxf4 28. gxf4 Rg4 29. Kf3 Rhg8 30. Bh3 Rg1 31. Rcc1 Rxd1 32. Rxd1 Ke7 33. Ke3 Na5 34. Bf1 b5 35. b4 Nc4+ 36. Bxc4 bxc4 37. Kd4 Kd7 38. Rc1 Rg2 39. h3 Rg3 40. Rc3 Kc6 41. Re3 Kb5 42. Rc3 Ka4 43. Re3 Rxe3 44. Kxe3 Kxa3 45. Kd4 Kxb4 46. Ke3 c3 47. Kd3 Kb3 48. Ke2 Kb2 49. Kd3 c2 50. Kd4 c1Q 51. Kd3 Qf1+ 52. Ke3 Qxh3+ 53. Kf2 Qg3+ 54. Ke2 h3 55. Kd1 h2 56. Ke2 h1R 57. Kd2 Rh2+ 58. Kd1 Qg1# 0-1

[Event "Struga Lake Queen op"]
[Site "Struga"]
[Date "2019.09.07"]
[Round "2"]
[White "Galeski, Gosho"]
[Black "Angjelkoska, Jana"]
[Result "1/2-1/2"]
[WhiteElo "1254"]
[BlackElo "1442"]
[PlyCount "102"]
[EventDate "2019.09.07"]
[EventType "swiss"]
[EventRounds "7"]
[EventCountry "MKD"]
[SourceTitle "EXT 2020"]
[Source "ChessBase"]
[SourceDate "2019.10.17"]
[SourceVersion "1"]
[SourceVersionDate "2019.10.17"]
[SourceQuality "1"]

1. d4 d5 2. Nf3 Nf6 3. Bg5 e6 4. Bxf6 Qxf6 5. e3 Bd7 6. Bd3 Bd6 7. Nbd2 Nc6 8. c3 Qe7 9. e4 dxe4 10. Nxe4 a6 11. Qc2 h6 12. h3 0-0 13. Nxd6 Qxd6 14. 0-0 b5 15. Nh2 e5 16. dxe5 Nxe5 17. Be4 Rab8 18. Rad1 Qb6 19. Rfe1 Rfe8 20. Nf3 Nxf3+ 21. Bxf3 Be6 22. a3 c5 23. Be4 Rec8 24. Bf5 Bxf5 25. Qxf5 Rc7 26. Re3 b4 27. Rde1 Rcc8 28. Rg3 bxc3 29. Qe5 g6 30. Qxc3 Qxb2 31. Qc4 Qf6 32. Rf3 Qg7 33. Rd1 Rb6 34. Rd7 Rf6 35. Rfd3 Rfc6 36. Rf3 Rf6 37. Rfd3 Qf8 38. Qc3 Re6 39. Rf3 Rd6 40. Ra7 Rd1+ 41. Kh2 Qd6+ 42. g3 Rf8 43. Rf6 Qd4 44. Qf3 Rd2 45. Raxf7 Rxf2+ 46. Qxf2 Qxf2+ 47. Rxf2 Rxf7 48. Rc2 Rc7 49. Kg2 Kf7 50. Kf3 Kf6 51. Rc4 Rc6 1/2-1/2

[Event "FRM-ch (Women)"]
[Site "Ohrid"]
[Date "2019.08.26"]
[Round "3"]
[White "Angjelkoska, Jana"]
[Black "Manova, Ivana"]
[Result "1/2-1/2"]
[WhiteElo "1422"]
[BlackElo "1841"]
[PlyCount "65"]
[EventDate "2019.08.24"]
[EventType "tourn"]
[EventRounds "5"]
[EventCountry "MKD"]
[SourceTitle "EXT 2020"]
[Source "ChessBase"]
[SourceDate "2019.10.17"]
[SourceVersion "1"]
[SourceVersionDate "2019.10.17"]
[SourceQuality "1"]

1. e4 e5 2. Nf3 Nc6 3. d4 exd4 4. Bc4 Nf6 5. e5 d5 6. Bb5 Ne4 7. Nxd4 Bc5 8. Be3 Bd7 9. Bxc6 bxc6 10. 0-0 0-0 11. f3 Ng5 12. f4 Ne4 13. Nd2 Nxd2 14. Qxd2 f6 15. exf6 Qxf6 16. b4 Bb6 17. Nb3 Bf5 18. Rac1 Rfe8 19. Bd4 Re4 20. c3 Rae8 21. Rce1 Qh4 22. Rxe4 Bxe4 23. Qf2 Qxf2+ 24. Kxf2 Bd3 25. Re1 Rxe1 26. Kxe1 Bc4 27. Na5 Bb5 28. Kd2 Kf7 29. Ke3 Ke6 30. g4 g6 31. a3 a6 32. Nb7 Ba4 33. Nc5+ 1/2-1/2

[Event "FRM-ch U16"]
[Site "Struga"]
[Date "2019.04.27"]
[Round "2"]
[White "Angjelkoska, Jana"]
[Black "Veljanoski, Andrej"]
[Result "0-1"]
[WhiteElo "1458"]
[BlackElo "1997"]
[PlyCount "58"]
[EventDate "2019.04.26"]
[EventType "swiss"]
[EventRounds "5"]
[EventCountry "MKD"]
[SourceTitle "CBM 190 Extra"]
[Source "ChessBase"]
[SourceDate "2019.07.15"]
[SourceVersion "1"]
[SourceVersionDate "2019.07.15"]
[SourceQuality "1"]

1. e4 e5 2. Nf3 Nc6 3. d4 exd4 4. Bc4 Nf6 5. e5 d5 6. Bb5 Nd7 7. Bxc6 bxc6 8. Qxd4 Ba6 9. Bg5 Qb8 10. b3 Bc5 11. Qd2 0-0 12. Be3 Bb4 13. c3 Ba5 14. b4 Bb6 15. a4 f6 16. b5 Bxe3 17. fxe3 Bb7 18. exf6 Nxf6 19. Na3 Qe8 20. 0-0 c5 21. c4 Rd8 22. Rfe1 Qh5 23. Qe2 Rde8 24. cxd5 Nxd5 25. Qc4 Kh8 26. Qxc5 Rxf3 27. gxf3 Qxf3 28. Ra2 Nf4 29. h4 Qh1+ 0-1

[Event "FRM-ch U16"]
[Site "Struga"]
[Date "2019.04.26"]
[Round "1"]
[White "Lazarova, Jovana"]
[Black "Angjelkoska, Jana"]
[Result "0-1"]
[WhiteElo "1090"]
[BlackElo "1458"]
[PlyCount "21"]
[EventDate "2019.04.26"]
[EventType "swiss"]
[EventRounds "5"]
[EventCountry "MKD"]
[SourceTitle "CBM 190 Extra"]
[Source "ChessBase"]
[SourceDate "2019.07.15"]
[SourceVersion "1"]
[SourceVersionDate "2019.07.15"]
[SourceQuality "1"]

1. e4 c5 2. Nf3 Nc6 3. d4 cxd4 4. Nxd4 e6 5. Nc3 Bb4 6. Bd2 Nxd4 7. Bc4 Ne7 8. a3 Bc5 9. 0-0 Ndc6 10. b4 Bb6 11. Nb5 0-1

[Event "Ohrid Lasker U20 op"]
[Site "Ohrid"]
[Date "2018.10.13"]
[Round "6"]
[White "Angjelkoska, Jana"]
[Black "Kirilov, Ivaylo"]
[Result "0-1"]
[WhiteElo "1493"]
[BlackElo "1919"]
[PlyCount "88"]
[EventDate "2018.10.11"]
[EventType "swiss"]
[EventRounds "7"]
[EventCountry "MKD"]
[SourceTitle "CBM 186 Extra"]
[Source "ChessBase"]
[SourceDate "2018.08.24"]
[SourceVersion "1"]
[SourceVersionDate "2018.08.24"]
[SourceQuality "1"]

1. e4 e5 2. Nf3 Nc6 3. d4 exd4 4. Nxd4 Bc5 5. Nxc6 bxc6 6. Bc4 Qf6 7. Qf3 Qxf3 8. gxf3 Ne7 9. Be3 Bxe3 10. fxe3 d5 11. exd5 cxd5 12. Bb3 Bb7 13. Kf2 0-0-0 14. c3 f5 15. Nd2 Rhf8 16. Bc2 g6 17. h4 Rd6 18. Rae1 Rb6 19. b3 c5 20. c4 Ra6 21. a4 Rd8 22. Rd1 d4 23. exd4 Rxd4 24. Nb1 Rad6 25. Rxd4 Rxd4 26. Re1 Nc6 27. Kg3 Nb4 28. Bd1 Kd7 29. Be2 Kd6 30. Nc3 a6 31. f4 Nd3 32. Rf1 Nb4 33. Rd1 Be4 34. Nxe4+ fxe4 35. Kf2 Nc2 36. h5 Ke6 37. hxg6 hxg6 38. Bg4+ Kf6 39. a5 e3+ 40. Kg3 g5 41. fxg5+ Kxg5 42. Be2 Rxd1 43. Bxd1 Nd4 44. Bf3 e2 0-1

[Event "Ohrid Lasker U20 op"]
[Site "Ohrid"]
[Date "2018.10.11"]
[Round "2"]
[White "Boci, Petro"]
[Black "Angjelkoska, Jana"]
[Result "1-0"]
[WhiteElo "1196"]
[BlackElo "1493"]
[PlyCount "95"]
[EventDate "2018.10.11"]
[EventType "swiss"]
[EventRounds "7"]
[EventCountry "MKD"]
[SourceTitle "CBM 186 Extra"]
[Source "ChessBase"]
[SourceDate "2018.08.24"]
[SourceVersion "1"]
[SourceVersionDate "2018.08.24"]
[SourceQuality "1"]

1. e4 c5 2. Nf3 Nc6 3. d4 cxd4 4. Nxd4 Nf6 5. Nc3 e6 6. Be3 Bb4 7. f3 d5 8. exd5 Nxd5 9. Nxc6 bxc6 10. Bd2 0-0 11. Nxd5 Bxd2+ 12. Qxd2 exd5 13. 0-0-0 Qb6 14. h4 a5 15. h5 h6 16. g4 f6 17. Bd3 Rb8 18. c3 Re8 19. Bg6 Re7 20. Rhe1 Rbb7 21. Rxe7 Rxe7 22. Re1 Qc7 23. Kd1 Kf8 24. Rxe7 Qxe7 25. Qe2 Qxe2+ 26. Kxe2 Ke7 27. Ke3 Kd6 28. a3 a4 29. Bc2 c5 30. Bxa4 f5 31. Kf4 fxg4 32. fxg4 d4 33. cxd4 cxd4 34. b4 d3 35. g5 Kd5 36. gxh6 gxh6 37. Ke3 Bg4 38. Kxd3 Bxh5 39. Bb3+ Kc6 40. a4 Bg6+ 41. Kd4 h5 42. Bd5+ Kb6 43. Bc4 h4 44. a5+ Ka7 45. b5 Be8 46. b6+ Kb7 47. Kc5 h3 48. a6+ 1-0

[Event "FRM-ch U16"]
[Site "Struga"]
[Date "2018.06.10"]
[Round "2"]
[White "Angjelkoska, Jana"]
[Black "Kosteski, Mile"]
[Result "0-1"]
[WhiteElo "1515"]
[BlackElo "1682"]
[PlyCount "117"]
[EventDate "2018.06.09"]
[EventType "swiss"]
[EventRounds "5"]
[EventCountry "MKD"]
[SourceTitle "CBM 185 Extra"]
[Source "ChessBase"]
[SourceDate "2018.07.29"]
[SourceVersion "1"]
[SourceVersionDate "2018.07.29"]
[SourceQuality "1"]

1. e4 d5 2. exd5 Qxd5 3. Nc3 Qa5 4. d4 Nf6 5. Bd2 c6 6. Nf3 Bg4 7. Bc4 e6 8. 0-0 Qc7 9. Re1 Bd6 10. h3 Bh5 11. Rb1 0-0 12. b4 a6 13. a4 b5 14. Be2 Nbd7 15. a5 Rae8 16. Bg5 Nd5 17. Nxd5 cxd5 18. Nd2 Bg6 19. Bd3 Bxd3 20. cxd3 Rc8 21. Be3 Qc2 22. Rb3 Qxd1 23. Rxd1 Rc2 24. Kf1 Rfc8 25. Ke2 f5 26. g3 Ra2 27. Rdb1 Rcc2 28. Ke1 h6 29. Nf1 g5 30. Bd2 f4 31. Rc3 fxg3 32. fxg3 Bxg3+ 33. Kd1 Rxc3 34. Bxc3 Bf4 35. Nd2 Kf7 36. Bb2 Bxd2 37. Kxd2 Nb8 38. Kc2 Ke7 39. Kb3 Ra4 40. Rc1 Kd7 41. Rf1 Nc6 42. Bc3 Ke7 43. Rf2 Nd8 44. Rf1 Nb7 45. h4 Nd6 46. hxg5 hxg5 47. Bd2 Nf7 48. Kb2 e5 49. Re1 Kd6 50. Rf1 Ke6 51. Re1 Kf5 52. Rf1+ Kg6 53. Rg1 e4 54. dxe4 dxe4 55. Kb3 Kf6 56. d5 Ke5 57. Rf1 Nd6 58. Bxg5 Kxd5 59. Bf4 0-1

[Event "FRM-ch U16"]
[Site "Struga"]
[Date "2018.06.09"]
[Round "1"]
[White "Lazarov, Krste"]
[Black "Angjelkoska, Jana"]
[Result "0-1"]
[WhiteElo "1073"]
[BlackElo "1515"]
[PlyCount "76"]
[EventDate "2018.06.09"]
[EventType "swiss"]
[EventRounds "5"]
[EventCountry "MKD"]
[SourceTitle "CBM 185 Extra"]
[Source "ChessBase"]
[SourceDate "2018.07.29"]
[SourceVersion "1"]
[SourceVersionDate "2018.07.29"]
[SourceQuality "1"]

1. e4 c5 2. Nf3 Nc6 3. d4 cxd4 4. Nxd4 d6 5. Nc3 Nf6 6. Be3 Bd7 7. Be2 g6 8. 0-0 Bg7 9. Qd2 0-0 10. Nxc6 Bxc6 11. f3 Qc7 12. Bh6 Qb6+ 13. Kh1 Qxb2 14. Bxg7 Kxg7 15. Rab1 Qa3 16. Nd1 Qc5 17. Ne3 b6 18. Bd3 Rac8 19. a4 Rfd8 20. Qe2 Qh5 21. Nc4 Nd7 22. Rfe1 Ne5 23. Nd2 g5 24. g4 Qh6 25. Nc4 Qf6 26. Nxe5 Qxe5 27. Qd2 Rh8 28. a5 h5 29. gxh5 Rxh5 30. axb6 axb6 31. Rg1 Rch8 32. f4 Rxh2+ 33. Qxh2 Rxh2+ 34. Kxh2 Qxf4+ 35. Rg3 f6 36. Rf1 Qe5 37. Re1 d5 38. Kg2 dxe4 0-1

[Event "Vevcani Lasker U20 op"]
[Site "Vevcani"]
[Date "2017.10.22"]
[Round "5"]
[White "Terziev, Dimo"]
[Black "Angjelkoska, Jana"]
[Result "1-0"]
[WhiteElo "2019"]
[BlackElo "1521"]
[PlyCount "57"]
[EventDate "2017.10.20"]
[EventType "swiss"]
[EventRounds "7"]
[EventCountry "MKD"]
[SourceTitle "CBM 181 Extra"]
[Source "ChessBase"]
[SourceDate "2017.12.12"]
[SourceVersion "1"]
[SourceVersionDate "2017.12.12"]
[SourceQuality "1"]

1. e4 c5 2. Nf3 Nc6 3. Bb5 Qb6 4. Nc3 e6 5. Bxc6 Qxc6 6. d4 Nf6 7. d5 Qc7 8. 0-0 a6 9. Re1 d6 10. dxe6 Bxe6 11. Bg5 0-0-0 12. Bxf6 gxf6 13. Nd5 Bxd5 14. Qxd5 Rg8 15. Rad1 Qd7 16. Nh4 Qg4 17. Qf5+ Qxf5 18. Nxf5 d5 19. Rxd5 Rxd5 20. exd5 Kd7 21. f4 c4 22. d6 Kc6 23. Re8 Rh8 24. Kf1 h5 25. Rc8+ Kd7 26. Rc7+ Ke6 27. d7 Be7 28. Nxe7 Kxe7 29. Rxb7 1-0

[Event "EU-ch U14 Girls 27th"]
[Site "Mamaia"]
[Date "2017.09.05"]
[Round "1"]
[White "Kvendseth, Thyra"]
[Black "Angjelkoska, Jana"]
[Result "1-0"]
[WhiteElo "1810"]
[BlackElo "1536"]
[PlyCount "107"]
[EventDate "2017.09.05"]
[EventType "swiss"]
[EventRounds "9"]
[EventCountry "ROU"]
[SourceTitle "CBM 180 Extra"]
[Source "ChessBase"]
[SourceDate "2017.10.06"]
[SourceVersion "1"]
[SourceVersionDate "2017.10.06"]
[SourceQuality "1"]

1. d4 d5 2. c4 e6 3. Nf3 Nf6 4. Nc3 Be7 5. e3 Nbd7 6. cxd5 exd5 7. Bd3 c6 8. 0-0 0-0 9. Qe2 Re8 10. Bd2 Nf8 11. Ne5 Bd6 12. f4 Ng6 13. Be1 c5 14. Qf3 cxd4 15. exd4 Qb6 16. Qf2 Nxf4 17. Bc2 Ng6 18. Bxg6 fxg6 19. Nxd5 Qd8 20. Nxf6+ gxf6 21. Qxf6 Qxf6 22. Rxf6 Bxe5 23. dxe5 Rxe5 24. Bc3 Rd5 25. Re1 Bf5 26. Re7 Rd7 27. Rff7 Rxe7 28. Rxe7 b6 29. Rg7+ Kf8 30. Rxh7 Be4 31. Kf2 a6 32. Rh8+ Kf7 33. Rxa8 Bxa8 34. b4 Ke6 35. a4 Kd5 36. a5 bxa5 37. bxa5 Ke4 38. Bd2 Bc6 39. g3 Bd7 40. Kg2 Be6 41. h3 Bf5 42. g4 Be6 43. Kg3 Bf7 44. Kh4 Ke5 45. Kg5 Ke6 46. Kh6 Ke7 47. Bb4+ Kf6 48. Bc3+ Ke7 49. Kg7 Be8 50. Bd4 Bf7 51. Bf6+ Ke6 52. Bh4 Be8 53. Bg5 Bf7 54. Kf8 1-0

[Event "FRM-ch"]
[Site "Ohrid"]
[Date "2017.08.17"]
[Round "5"]
[White "Angjelkoska, Jana"]
[Black "Koskoska, Gabriela"]
[Result "1/2-1/2"]
[WhiteElo "1484"]
[BlackElo "2057"]
[PlyCount "127"]
[EventDate "2017.08.13"]
[EventType "swiss"]
[EventRounds "9"]
[EventCountry "MKD"]
[SourceTitle "CBM 180 Extra"]
[Source "ChessBase"]
[SourceDate "2017.10.06"]
[SourceVersion "1"]
[SourceVersionDate "2017.10.06"]
[SourceQuality "1"]

1. e4 c6 2. d4 d5 3. exd5 cxd5 4. c3 Nc6 5. Bd3 Qc7 6. Nf3 Bg4 7. Be3 e6 8. Nbd2 Bd6 9. Rc1 Nge7 10. h3 Bf5 11. Bb5 a6 12. Bxc6+ Nxc6 13. c4 0-0 14. Qb3 dxc4 15. Nxc4 Bb4+ 16. Ncd2 Qd6 17. 0-0 Na5 18. Qd1 Rac8 19. a3 Bxd2 20. Bxd2 Rxc1 21. Qxc1 Nb3 22. Bf4 Qd5 23. Qc3 Be4 24. Rd1 Bxf3 25. Qxf3 Qxf3 26. gxf3 Rd8 27. Be3 Kf8 28. Kf1 Ke7 29. Ke2 Rc8 30. Kd3 Kd6 31. Rg1 g6 32. Rg5 f6 33. Rg1 Kd5 34. h4 b5 35. Rg4 Na5 36. h5 g5 37. f4 h6 38. fxg5 hxg5 39. f4 gxf4 40. Rxf4 Rh8 41. Rxf6 Rxh5 42. Rf8 Nc4 43. Rd8+ Kc6 44. Bc1 Rh3+ 45. Kc2 a5 46. b3 Nd6 47. Bd2 a4 48. bxa4 bxa4 49. Ra8 Nb5 50. Rxa4 Nxa3+ 51. Kb2 Nb5 52. Rc4+ Kd7 53. Bf4 Nd6 54. Bxd6 Kxd6 55. Rb4 Kd5 56. Kc2 Ra3 57. Kd2 Ke4 58. Rb6 Kf5 59. Rb4 Rh3 60. Kc2 Rh2+ 61. Kd3 Rh3+ 62. Kd2 Ke4 63. Rb6 Kd5 64. Rb4 1/2-1/2